Prestavba spaľovacieho motora LGW 702 na preplňovanú verziu
Saved in:
| Main Author: | |
|---|---|
| Other Authors: | |
| Format: | Manuscript Book |
| Language: | Slovak |
| Published: |
2016
|
| Subjects: | |
| Online Access: | http://is.stuba.sk/zp/portal_zp.pl?podrobnosti=133396 |
| Tags: |
No Tags, Be the first to tag this record!
|
MARC
| LEADER | 00000ntm a22000003a 4500 | ||
|---|---|---|---|
| 001 | stuzp56858 | ||
| 003 | SK-STU | ||
| 005 | 20160719155114.6 | ||
| 007 | ta | ||
| 008 | 150427s2015----xo-----f-mn---000-0-slo-d | ||
| 040 | |a STU |b slo | ||
| 041 | 0 | |a slo | |
| 100 | 1 | |a Szatmári, Ján |u 020030 |k Z4 |4 aut |U SjF Strojnícka fakulta |T SjF Ústav dopravnej techniky a konštruovania |X 44798 |U J0030 |Y 806 |7 A000044798 | |
| 242 | 0 | 1 | |a Redevelopment of the combustion engine LGW 702 to the supercharged version. |y eng |
| 245 | 1 | 0 | |a Prestavba spaľovacieho motora LGW 702 na preplňovanú verziu |
| 260 | |c 2016 | ||
| 650 | 4 | |a motor LGW 702 |2 slo | |
| 650 | 4 | |a preplňovaný motor |2 slo | |
| 650 | 4 | |a zemný plyn |2 slo | |
| 650 | 4 | |a supercharged engine |2 eng | |
| 650 | 4 | |a natural gas |2 eng | |
| 650 | 4 | |a engine LGW 702 |2 eng | |
| 700 | 1 | |a Chríbik, Andrej |u 020030 |k Z1 |4 ths |U SjF Strojnícka fakulta |T SjF Ústav dopravnej techniky a konštruovania |X 26808 |U J0030 |Y 806 |7 A000026808 | |
| 856 | 4 | |u http://is.stuba.sk/zp/portal_zp.pl?podrobnosti=133396 | |
| 996 | |b 284J044939 |c J* 2569/DP |l JJSK |s A |a 24 |w stuzp56858_0001 | ||
| SQL | |a stuzp56858 |b DDP |c SLO |d Prestavba spaľovacieho motora LGW 702 na preplňovanú verziu |e 44798 |f Szatmári, Ján |g 020030 |h 26808 |i Chríbik, Andrej |j 20160616 |k 1305 |l 02 |m http://is.stuba.sk/zp/portal_zp.pl?podrobnosti=133396 |n I-AMPS |o 5.2.3. dopravné stroje a zariadenia | ||